Praktická anglická a americká korešpondencia GB/USA Žiadosti, pozvania, poďakovania, životopisy, odporúčania...
Salvato in:
| Autore principale: | |
|---|---|
| Altri autori: | , , |
| Natura: | Libro |
| Lingua: | slovacco |
| Pubblicazione: |
Bratislava
Mladé letá
1994
|
| Edizione: | 1. vyd. |
| Serie: | Jazyky pre všetkých
|
| Soggetti: | |
| Tags: |
Nessun Tag, puoi essere il primo ad aggiungerne!!
|
MARC
| LEADER | 00000nam a2200000 4500 | ||
|---|---|---|---|
| 001 | c005936 | ||
| 005 | 20221214074707.3 | ||
| 020 | |a 80-06-00486-2 | ||
| 041 | 0 | |a slo | |
| 044 | |a SK | ||
| 245 | 1 | 0 | |a Praktická anglická a americká korešpondencia GB/USA |b Žiadosti, pozvania, poďakovania, životopisy, odporúčania... |c Crispin Michael Geoghegan, Jacqueline Gonthierová ; Prekl. Juraj Šebesta, Zuzana Borovská |
| 250 | |a 1. vyd. | ||
| 264 | 1 | |a Bratislava |b Mladé letá |c 1994 | |
| 300 | |a 220 s. | ||
| 490 | 1 | |a Jazyky pre všetkých | |
| 830 | 0 | |a Jazyky pre všetkých | |
| 610 | 2 | 0 | |a korešpondencia |
| 610 | 2 | 0 | |a angličtina |
| 610 | 2 | 0 | |a jazykoveda |
| 100 | 1 | |a Geoghegan, Crispin Michael | |
| 700 | 1 | |a Gonthierová, Jacqueline | |
| 700 | 1 | |a Šebesta, Juraj | |
| 700 | 1 | |a Borovská, Zuzana | |